000
00341nam a22001457a 4500
008
230524b |||||||| |||| 00| 0 eng d
020
_a
9788195917914
100
_a
N. Kumar
245
_a
Constitutional Law of India
250
_a
11th Ed.
260
_a
Haryana
_b
ALA Pub.
_c
2022
300
_a
1176
546
_a
English
942
_2
ddc
_c
BK
999
_c
20050
_d
20050